000 01088nam a2200289 i 4500
001 190640
003 ES-MaACL
005 20250809063546.0
008 220228s2018 sp a 001 0 spa d
080 _a978-84-15462-59-0
100 1 _aTamames, Ramón,
_d1933-
_9237391
245 1 0 _aBuscando a Dios en el universo :
_buna cosmovisión sobre el sentido de la vida /
_cRamón Tamames.
250 _a1ª ed.
260 _aVilafranca del Penedès, Barcelona :
_bErasmus,
_c2018.
300 _a384 p. :
_bil. ;
_c23 cm.
490 1 _aPensamiento del presente ;
_v66
500 _aÍndice onomástico.
504 _aReferencias bibliográficas.
505 8 _aContiene: ¿De dónde venimos? ; ¿Qué somos? ; ¿A dónde vamos?
650 7 _aAntropología filosófica
_2embne
_99891
650 7 _aReligión y ciencia
_2embne
_916806
650 4 _aDios-
_xExistencia
_911904
830 1 _aPensamiento del presente ;
_v66
_9193507
852 4 _aES-MaACL
_jA-14903
_9 197819
_bR.152376
_cDEPO1
_dOlim: N-7903
_hDonación: Editorial
942 _2udc
999 _c190640
_d190640